Score 0/13 Timer 01:00
0 Plays Today
Clue 4-Letter Word % Correct
Wine stopperCORK
91.2%
Common childhood fearDARK
88.9%
Prepare food with heatCOOK
87.9%
Socially awkward personDORK
87.3%
Small pointed projectileDART
87%
Mysterious musical duo: ___ PunkDAFT
83.8%
Most primitive type of boatRAFT
81.4%
Something indisputableFACT
75.8%
Breathe quicklyPANT
74.7%
A tomeBOOK
72.8%
Extravagant speech that never seems to endRANT
71.7%
A visageFACE
70.6%
Formal end to a disputePACT
66.8%

Today's Daily Dose

Remove Ads.
Support Sporcle.
Get the best of Sporcle when you Go Orange. This ad-free experience offers more features, more stats, and more fun while also helping to support Sporcle. Thank you for becoming a member.

You're not logged in!

Compare scores with friends on all Sporcle quizzes.
OR
Log In

Show Comments

Extras

Top Quizzes Today


Score Distribution

Your Account Isn't Verified!

In order to create a playlist on Sporcle, you need to verify the email address you used during registration. Go to your Sporcle Settings to finish the process.

Report this User

Report this user for behavior that violates our Community Guidelines.

Details: